KONŠTRUKTA - Defence, a.s. IV. Ako na hojdačke

Podrobná bibliografia
Hlavný autor: Vopat, Zdeněk (Autor)
Médium: Článok
Jazyk:slovenčina
Fyzický popis:Fotogr., tab.
ISSN:1335-0463
Predmet:

MARC

LEADER 00000nab a2200000 a 4500
001 vtls000740227
003 SK-MaSNL
005 20260305030409.0
008 250429c2000 xo 0 slo
015 |a SNBRB2000/12-29627 
035 |a CLN000092073 
035 |a urn:nbn:sk:snk-ab6q1y 
035 |a (uuid)56ac2e18-140c-43bf-9506-a96d4a19c251 
035 |a (urnnbn)urn:nbn:sk:snk:ar-006f3b 
040 |a SNKBUCL  |b slo  |c SNKBUCL  |e AACR2 
041 0 |a slo 
044 |a xo  |c SK 
080 |a 623:061.5(437.6)  |2 1997 
100 1 |a Vopat, Zdeněk  |4 aut  |9 306062 
245 1 0 |a KONŠTRUKTA - Defence, a.s.  |n IV.  |p Ako na hojdačke  |c Zdeněk Vopat 
300 |b Fotogr., tab. 
610 7 |a Konštrukta-Defence (Trenčín, Slovensko)  |x dejiny  |2 snkbucl  |9 1607267 
650 0 7 |a zbrojársky priemysel  |2 snkbucl  |9 79523 
651 7 |a Trenčín (Slovensko : okres)  |2 snkbucl  |9 75018 
655 7 |a články z novín a časopisov  |2 snkbucl  |9 267496 
773 0 |t Armáda  |g Roč. 8, november (2000), s. 29-30  |x 1335-0463 
850 |a Slovenská národná knižnica 
852 |a Slovenská národná knižnica 
954 |a odborná, vedecká literatúra pôvodná (slovenská)  |2 lita 
958 |a article2022 
958 |a SK 
958 |a OND 
958 |a EUIPO 
992 |a RBX 
999 |c 3311239  |d 3313169